000 01054nam a22002537a 4500
999 _c2530
_d2530
003 AR-CdUCM
008 190304b ||||| |||| 00| 0 spa d
040 _aMUNICIPALIDAD PROVINCIAL DEL CUSCO
_cBIBLIOTECA MUNICIPAL DEL CUSCO
041 _heng
082 _22ed.
_a343.273 /
_bS61
100 _aSmith, Louis
_98970
245 _aLa democracia y el poder militar :
_b Un estudio del control civil sobre el poder militar en los Estado Unidos /
260 _aBuenos Aires :
_bBibliográfica Argentina,
_c1965.
300 _a415 paginas ;
_c20 cm.
440 _aColección América en letras
_n7
_98971
505 _aEl problema del control civil del poder militar -- La tradición norteamericana del dominio civil -- La presidencia y el control civil del poder militar -- La presidencia y la administración de la defensa nacional ...
650 _aDemocracia
_92598
650 _aMilitarismo
_95662
650 _aDefensa nacional
_98972
650 _aEstados Unidos
_91805
700 _aDemarco, Fernando
_98973
942 _2ddc
_cLIBROS
945 _aacv